01551cam a22002651 4500001001300000003000400013005001700017008004100034010001700075035001900092040003600111043001200147050002600159110007400185245026000259260004800519300005400567490005000621500012900671500030100800650003801101650003701139700005101176810005801227l 39000050 DLC20260227111536.0821007s1939 dcua f000 0 eng  al 39000050  a(OCoLC)8840785 aDLCcTxDWdTxDWdOCoLCdWUdDLC an-us---00aHD6093b.A35 no. 170a2 aAmerican Association of University Women.bStatus of Women Committee.10aEconomic status of university women in the U.S.A.cReport of the Committee on Economic and Legal Status of Women, American Association of University Women in cooperation with the Women's Bureau, United States Department of Labor, by Susan M. Kingsbury ... aWashington,bU.S. Govt. Print. Off.,c1939. avii, 70 p.billus. (map) tables, diagramsc23 cm.1 aBulletin of the U.S. Women's Bureau,vno. 170 aAt head of title: United States Department of Labor. Frances Perkins, secretary. Women's Bureau. Mary Anderson, director. a"The schedules and tables were planned by the A.A.U.W. Committee ... and the Women's Bureau. The editing of the schedules and the tabulating of the basic data were done by the Women's Bureau. The report has been written by Susan M. Kingsbury, chairman of the Committee."--Letter of transmittal. 0aWomenxEmploymentzUnited States. 0aWomenxEducationzUnited States.1 aKingsbury, Susan M.q(Susan Myra),d1870-1949.1 aUnited States.bWomen's Bureau.tBulletin ;vno. 170.